| 000 | 00411nam a22001577a 4500 | ||
|---|---|---|---|
| 020 | _a2205003941 | ||
| 040 | _cDLC | ||
| 082 | _a741 DAR 1984 A085 Or. | ||
| 100 | 1 | _aGoscinny, | |
| 245 | 1 | 0 | _aAstérix en Hispanie / |
| 260 |
_aParis ; _aNew York : _bDargaud, _c1984 printing, c1969. |
||
| 300 |
_a48 p. : _bchiefly col. ill. ; _c30 cm. |
||
| 490 | 1 | _aUne Aventure d'Astérix, | |
| 700 | 1 | _aUderzo. | |
| 942 | _cEK | ||
| 999 |
_c13014 _d13014 |
||